[Event "Portugal Open 2020"]
[Site "Lisboa POR"]
[Date "2020.02.01"]
[Round "9.15"]
[White "BALBUENA FUENTES, Mario"]
[Black "SAVANOVIC, Aleksandar"]
[Result "0-1"]
[BlackElo "2414"]
[WhiteElo "2234"]
[LiveChessVersion "1.4.8"]

1. e4 {[%clk 1:21:40]} e5 {[%clk 1:30:52]} 2. Nf3 {[%clk 1:21:27]} Nc6
{[%clk 1:31:13]} 3. Bb5 {[%clk 1:21:47]} a6 {[%clk 1:31:32]} 4. Ba4
{[%clk 1:22:12]} Nf6 {[%clk 1:31:55]} 5. O-O {[%clk 1:22:21]} Nxe4
{[%clk 1:31:53]} 6. d4 {[%clk 1:22:24]} b5 {[%clk 1:32:14]} 7. Bb3
{[%clk 1:22:50]} d5 {[%clk 1:32:38]} 8. dxe5 {[%clk 1:23:10]} Be6
{[%clk 1:33:03]} 9. Nbd2 {[%clk 1:22:47]} Nc5 {[%clk 1:33:24]} 10. c3
{[%clk 1:22:45]} Bg4 {[%clk 1:33:25]} 11. Bc2 {[%clk 1:18:43]} Be7
{[%clk 1:33:48]} 12. Re1 {[%clk 1:18:07]} O-O {[%clk 1:34:05]} 13. Nb3
{[%clk 1:18:07]} Ne6 {[%clk 1:32:21]} 14. Qd3 {[%clk 1:18:20]} g6
{[%clk 1:32:45]} 15. Bh6 {[%clk 1:18:40]} Re8 {[%clk 1:33:09]} 16. Qe3
{[%clk 1:18:43]} a5 {[%clk 1:31:05]} 17. a4 {[%clk 1:14:13]} Bxf3
{[%clk 1:02:40]} 18. Qxf3 {[%clk 1:10:17]} bxa4 {[%clk 1:00:26]} 19. Rxa4
{[%clk 1:07:40]} Qd7 {[%clk 0:58:12]} 20. Rg4 {[%clk 0:53:34]} a4
{[%clk 0:56:13]} 21. Nd4 {[%clk 0:52:38]} Ncxd4 {[%clk 0:55:57]} 22. cxd4
{[%clk 0:52:57]} Reb8 {[%clk 0:53:59]} 23. Bc1 {[%clk 0:34:39]} Qc6
{[%clk 0:43:06]} 24. Qd3 {[%clk 0:29:42]} Rb4 {[%clk 0:40:36]} 25. Bd2
{[%clk 0:17:58]} Rxb2 {[%clk 0:38:57]} 26. Bc3 {[%clk 0:18:17]} Bb4
{[%clk 0:35:16]} 27. Bxb2 {[%clk 0:18:14]} Bxe1 {[%clk 0:35:42]} 28. h4
{[%clk 0:17:33]} a3 {[%clk 0:32:28]} 29. Ba1 {[%clk 0:15:00]} Ng7
{[%clk 0:30:42]} 30. Rf4 {[%clk 0:13:00]} Bb4 {[%clk 0:28:44]} 31. Rf6
{[%clk 0:12:07]} Qd7 {[%clk 0:26:40]} 32. Qf3 {[%clk 0:10:28]} Nh5
{[%clk 0:22:38]} 33. Bf5 {[%clk 0:07:50]} Qe8 {[%clk 0:23:02]} 34. Bd3
{[%clk 0:03:47]} Nxf6 {[%clk 0:23:12]} 35. Qxf6 {[%clk 0:04:14]} Qe6
{[%clk 0:22:48]} 36. Qf4 {[%clk 0:04:32]} h5 {[%clk 0:20:35]} 0-1

[Event "Portugal Open 2020"]
[Site "Lisboa POR"]
[Date "2020.02.01"]
[Round "9.16"]
[White "SOUSA, Andre V"]
[Black "RISTING, Eivind Olav"]
[Result "1-0"]
[BlackElo "2306"]
[WhiteElo "2391"]
[LiveChessVersion "1.4.8"]

1. e4 {[%clk 1:30:58]} c5 {[%clk 1:30:22]} 2. Nf3 {[%clk 1:31:25]} Nc6
{[%clk 1:30:33]} 3. Bb5 {[%clk 1:31:52]} e6 {[%clk 1:30:45]} 4. O-O
{[%clk 1:32:18]} Nge7 {[%clk 1:31:05]} 5. d4 {[%clk 1:32:45]} cxd4
{[%clk 1:31:11]} 6. Nxd4 {[%clk 1:33:10]} Qb6 {[%clk 1:31:32]} 7. Nxc6
{[%clk 1:33:37]} bxc6 {[%clk 1:30:30]} 8. Be2 {[%clk 1:32:48]} Ng6
{[%clk 1:29:42]} 9. c4 {[%clk 1:33:13]} d6 {[%clk 1:23:38]} 10. Nc3
{[%clk 1:33:06]} Be7 {[%clk 1:20:47]} 11. Rb1 {[%clk 1:33:32]} c5
{[%clk 1:13:41]} 12. f4 {[%clk 1:29:21]} O-O {[%clk 1:13:06]} 13. Bd3
{[%clk 1:22:18]} Bd7 {[%clk 1:07:13]} 14. Qh5 {[%clk 1:20:01]} f5
{[%clk 0:58:14]} 15. exf5 {[%clk 1:09:45]} exf5 {[%clk 0:58:38]} 16. Nd5
{[%clk 1:04:33]} Qd8 {[%clk 0:57:36]} 17. Bd2 {[%clk 1:04:28]} Bf6
{[%clk 0:54:09]} 18. Nxf6+ {[%clk 1:03:26]} Rxf6 {[%clk 0:52:07]} 19. Bc3
{[%clk 1:03:35]} Rf7 {[%clk 0:52:04]} 20. Rbd1 {[%clk 0:57:23]} Qc7
{[%clk 0:49:33]} 21. Qg5 {[%clk 0:38:49]} Nf8 {[%clk 0:37:06]} 22. Rfe1
{[%clk 0:38:30]} Ne6 {[%clk 0:35:31]} 23. Qg3 {[%clk 0:38:24]} Re8
{[%clk 0:33:46]} 24. Be2 {[%clk 0:36:02]} Ree7 {[%clk 0:30:13]} 25. Bh5
{[%clk 0:35:39]} Rf8 {[%clk 0:30:02]} 26. Bf3 {[%clk 0:33:32]} Rfe8
{[%clk 0:28:18]} 27. Bd5 {[%clk 0:33:34]} Kh8 {[%clk 0:27:53]} 28. Rd3
{[%clk 0:31:24]} Bc8 {[%clk 0:22:12]} 29. Rde3 {[%clk 0:27:35]} Nd4
{[%clk 0:18:38]} 30. Qg6 {[%clk 0:27:31]} Nf3+ {[%clk 0:15:45]} 31. Rxf3
{[%clk 0:27:56]} Rxe1+ {[%clk 0:16:09]} 32. Bxe1 {[%clk 0:28:22]} Rxe1+
{[%clk 0:16:31]} 33. Kf2 {[%clk 0:28:48]} Qe7 {[%clk 0:15:08]} 34. Qg5
{[%clk 0:25:04]} Re2+ {[%clk 0:12:04]} 35. Kg3 {[%clk 0:25:08]} g6
{[%clk 0:10:30]} 36. Qxe7 {[%clk 0:25:04]} Rxe7 {[%clk 0:10:58]} 37. Rb3
{[%clk 0:24:41]} Kg7 {[%clk 0:11:06]} 38. Rb8 {[%clk 0:24:53]} Rc7
{[%clk 0:09:22]} 39. Kf3 {[%clk 0:25:11]} Kf6 {[%clk 0:09:36]} 40. Ke3
{[%clk 0:24:23]} h6 {[%clk 0:08:13]} 41. a3 {[%clk 0:24:09]} g5 {[%clk 0:08:29]}
42. g3 {[%clk 0:21:22]} g4 {[%clk 0:06:22]} 43. b4 {[%clk 0:20:01]} Ke7
{[%clk 0:04:22]} 44. b5 {[%clk 0:19:56]} Kd8 {[%clk 0:04:46]} 45. Be6
{[%clk 0:20:14]} 1-0

[Event "Portugal Open 2020"]
[Site "Lisboa POR"]
[Date "2020.02.01"]
[Round "9.17"]
[White "ALSHAMEARY PUENTE, Ismael"]
[Black "BABA, Masahiro"]
[Result "0-1"]
[BlackElo "2274"]
[WhiteElo "2385"]
[LiveChessVersion "1.4.8"]

1. d4 {[%clk 1:21:50]} Nf6 {[%clk 1:30:54]} 2. c4 {[%clk 1:22:17]} g6
{[%clk 1:31:19]} 3. Nc3 {[%clk 1:22:44]} d5 {[%clk 1:31:18]} 4. cxd5
{[%clk 1:23:09]} Nxd5 {[%clk 1:31:43]} 5. e4 {[%clk 1:23:35]} Nxc3
{[%clk 1:32:04]} 6. bxc3 {[%clk 1:24:02]} Bg7 {[%clk 1:32:23]} 7. Bc4
{[%clk 1:24:28]} c5 {[%clk 1:32:01]} 8. Ne2 {[%clk 1:24:55]} Nc6 {[%clk 1:32:20]}
9. Be3 {[%clk 1:25:21]} O-O {[%clk 1:32:37]} 10. O-O Bg4 {[%clk 1:31:21]} 11. f3
{[%clk 1:26:01]} Bd7 {[%clk 1:31:46]} 12. Rb1 {[%clk 1:23:36]} Rc8
{[%clk 1:30:03]} 13. Bd3 {[%clk 1:18:38]} Qc7 {[%clk 1:18:29]} 14. h4
{[%clk 1:06:29]} Rfd8 15. Bf4 e5 {[%clk 1:16:31]} 16. Bg5 {[%clk 1:05:37]} Re8
{[%clk 1:11:36]} 17. d5 {[%clk 1:05:51]} Na5 {[%clk 1:11:42]} 18. Qd2
{[%clk 0:58:06]} c4 19. Bc2 b6 20. h5 {[%clk 0:53:21]} Nb7 {[%clk 1:01:12]} 21.
h6 {[%clk 0:52:59]} Bf8 {[%clk 1:01:17]} 22. Kh1 {[%clk 0:47:22]} Nd6
{[%clk 0:57:06]} 23. Bf6 {[%clk 0:34:32]} Nb5 {[%clk 0:55:32]} 24. Qg5
{[%clk 0:29:19]} Na3 {[%clk 0:55:11]} 25. Rb2 {[%clk 0:22:40]} Nxc2
{[%clk 0:55:00]} 26. Rxc2 {[%clk 0:23:09]} Qd6 {[%clk 0:54:13]} 27. f4
{[%clk 0:23:03]} Bxh6 {[%clk 0:37:47]} 28. Bxe5 {[%clk 0:22:48]} f6
{[%clk 0:33:14]} 29. Qxh6 {[%clk 0:22:29]} fxe5 {[%clk 0:33:39]} 30. Ng3
{[%clk 0:16:47]} exf4 {[%clk 0:29:11]} 31. Rxf4 Rf8 32. Rcf2 {[%clk 0:17:22]}
Rxf4 {[%clk 0:28:53]} 33. Rxf4 Qe7 34. e5 {[%clk 0:14:52]} Qxe5 {[%clk 0:19:48]}
35. Ne4 {[%clk 0:15:16]} Bf5 {[%clk 0:19:40]} 36. Qg5 {[%clk 0:10:01]} h6
{[%clk 0:14:44]} 37. Rxf5 {[%clk 0:04:37]} Qxf5 {[%clk 0:15:07]} 38. Qe7
{[%clk 0:05:03]} Rf8 {[%clk 0:10:23]} 39. d6 {[%clk 0:01:30]} Rf7
{[%clk 0:10:18]} 40. d7 {[%clk 0:00:46]} Rxe7 {[%clk 0:09:49]} 41. d8=Q+
{[%clk 0:01:05]} Qf8 {[%clk 0:10:10]} 42. Qd5+ {[%clk 0:00:53]} Kh7
{[%clk 0:10:12]} 43. Kg1 {[%clk 0:00:34]} Qf4 {[%clk 0:10:05]} 0-1

[Event "Portugal Open 2020"]
[Site "Lisboa POR"]
[Date "2020.02.01"]
[Round "9.18"]
[White "CASAGRANDE, Federico"]
[Black "SARKAR, Justin"]
[Result "1/2-1/2"]
[BlackElo "2385"]
[WhiteElo "1999"]
[LiveChessVersion "1.4.8"]

1. d4 {[%clk 1:31:21]} Nf6 {[%clk 1:26:24]} 2. c4 {[%clk 1:31:21]} g6 3. Nc3
{[%clk 1:31:44]} d5 {[%clk 1:26:35]} 4. cxd5 {[%clk 1:32:06]} Nxd5
{[%clk 1:26:59]} 5. g3 {[%clk 1:32:28]} Bg7 {[%clk 1:26:43]} 6. Bg2
{[%clk 1:32:51]} Nxc3 {[%clk 1:26:30]} 7. bxc3 {[%clk 1:33:16]} c5
{[%clk 1:25:26]} 8. Nf3 {[%clk 1:32:49]} O-O {[%clk 1:12:38]} 9. O-O
{[%clk 1:32:47]} Nc6 {[%clk 1:12:49]} 10. e3 {[%clk 1:33:05]} Qa5
{[%clk 1:10:10]} 11. Bb2 {[%clk 1:23:13]} Be6 {[%clk 0:55:59]} 12. Qe2
{[%clk 1:07:39]} Qa4 13. Nd2 {[%clk 0:58:45]} Rad8 {[%clk 0:44:15]} 14. Rfc1
{[%clk 0:54:30]} Na5 {[%clk 0:38:57]} 15. Nb3 {[%clk 0:49:38]} b6
{[%clk 0:36:57]} 16. Nxa5 {[%clk 0:47:18]} Qxa5 {[%clk 0:37:10]} 17. a4
{[%clk 0:46:26]} Bd7 {[%clk 0:27:02]} 18. Bb7 {[%clk 0:38:18]} Rb8
{[%clk 0:17:43]} 19. Ba6 {[%clk 0:36:39]} Bxa4 {[%clk 0:13:50]} 20. Rxa4
{[%clk 0:29:38]} Qxa4 {[%clk 0:14:12]} 1/2-1/2

[Event "Portugal Open 2020"]
[Site "Lisboa POR"]
[Date "2020.02.01"]
[Round "9.19"]
[White "CAMPORA, Daniel"]
[Black "POYSTI, Nathanael"]
[Result "1/2-1/2"]
[BlackElo "2203"]
[WhiteElo "2420"]
[LiveChessVersion "1.4.8"]

1. e4 {[%clk 1:29:00]} c5 {[%clk 1:30:56]} 2. Nf3 {[%clk 1:29:26]} d6
{[%clk 1:31:22]} 3. d4 {[%clk 1:29:48]} cxd4 {[%clk 1:31:48]} 4. Nxd4 Nf6 5. Nc3
{[%clk 1:30:31]} a6 {[%clk 1:32:44]} 6. g3 {[%clk 1:30:43]} e5 {[%clk 1:33:09]}
7. Nb3 {[%clk 1:31:01]} Be7 {[%clk 1:33:32]} 8. Bg2 {[%clk 1:31:26]} Be6 9. O-O
{[%clk 1:31:43]} O-O {[%clk 1:33:55]} 10. Re1 {[%clk 1:28:33]} Nbd7
{[%clk 1:33:49]} 11. a4 {[%clk 1:27:00]} Qb8 {[%clk 1:26:02]} 12. a5
{[%clk 1:26:16]} Bd8 {[%clk 1:23:39]} 13. h3 {[%clk 1:17:40]} b6 {[%clk 1:21:46]}
14. Nd5 {[%clk 1:14:01]} bxa5 {[%clk 0:52:23]} 15. Nxa5 {[%clk 1:12:40]} Bxd5
{[%clk 0:51:56]} 16. exd5 {[%clk 1:12:40]} Bxa5 17. Rxa5 {[%clk 1:08:29]} Qb6
{[%clk 0:46:23]} 18. Ra2 {[%clk 1:05:52]} Rfc8 {[%clk 0:37:48]} 19. Bd2 a5 20. b3
{[%clk 1:05:56]} Ra7 {[%clk 0:37:03]} 21. Qe2 {[%clk 1:04:03]} Nc5
{[%clk 0:32:48]} 22. Rea1 {[%clk 1:04:09]} Rca8 {[%clk 0:33:05]} 23. Qe1
{[%clk 1:02:38]} Nb7 {[%clk 0:23:04]} 24. Ra3 {[%clk 1:01:01]} Nd7
{[%clk 0:21:37]} 25. Bf1 {[%clk 0:55:45]} Nf6 {[%clk 0:18:51]} 26. Bc4
{[%clk 0:55:03]} h6 27. R1a2 {[%clk 0:52:25]} Qc7 {[%clk 0:11:16]} 28. Qa1
{[%clk 0:50:58]} Ne4 {[%clk 0:07:52]} 29. Be3 {[%clk 0:50:46]} f5
{[%clk 0:07:22]} 30. Bxa7 {[%clk 0:48:34]} Rxa7 {[%clk 0:07:50]} 31. Qe1
{[%clk 0:42:11]} Ng5 {[%clk 0:07:21]} 32. Kg2 {[%clk 0:41:42]} e4
{[%clk 0:06:02]} 33. Qe3 {[%clk 0:38:36]} Ra8 {[%clk 0:06:31]} 34. Be2
{[%clk 0:37:24]} Rf8 {[%clk 0:03:53]} 35. Ra4 {[%clk 0:35:00]} Qd7
{[%clk 0:03:51]} 36. Rc4 {[%clk 0:30:50]} Nxh3 {[%clk 0:02:46]} 37. Kxh3
{[%clk 0:30:25]} f4+ {[%clk 0:03:15]} 38. Bg4 {[%clk 0:30:32]} fxe3
{[%clk 0:03:43]} 39. Bxd7 {[%clk 0:29:53]} exf2 {[%clk 0:04:00]} 40. Ra1
{[%clk 0:30:10]} f1=Q+ {[%clk 0:03:19]} 41. Rxf1 {[%clk 0:29:40]} Rxf1
{[%clk 0:03:48]} 42. Be6+ {[%clk 0:25:59]} Kh7 {[%clk 0:04:15]} 43. Rxe4 Nc5 44.
Re2 {[%clk 0:24:35]} Kg6 {[%clk 0:04:40]} 45. Kg2 {[%clk 0:24:28]} Rf6
{[%clk 0:04:09]} 46. Re1 {[%clk 0:23:59]} Kg5 {[%clk 0:04:23]} 47. Bh3
{[%clk 0:22:20]} h5 {[%clk 0:04:31]} 48. Re7 {[%clk 0:19:18]} g6 {[%clk 0:04:57]}
49. Bd7 {[%clk 0:17:43]} h4 {[%clk 0:05:00]} 50. gxh4+ {[%clk 0:17:34]} Kxh4
{[%clk 0:05:29]} 51. Bb5 {[%clk 0:17:52]} Rf4 {[%clk 0:04:41]} 52. Be2
{[%clk 0:16:18]} a4 {[%clk 0:05:19]} 53. bxa4 {[%clk 0:15:26]} Rxa4
{[%clk 0:05:48]} 54. Kf3 {[%clk 0:13:53]} Rd4 {[%clk 0:04:24]} 55. c4
{[%clk 0:14:05]} Kg5 {[%clk 0:04:36]} 56. Re8 {[%clk 0:10:29]} Kf6
{[%clk 0:04:30]} 57. Rd8 {[%clk 0:09:28]} Ke5 {[%clk 0:04:53]} 58. Re8+
{[%clk 0:09:40]} Kf6 {[%clk 0:05:18]} 59. Rd8 {[%clk 0:09:46]} Ke7
{[%clk 0:04:50]} 60. Rg8 {[%clk 0:10:04]} Kf7 {[%clk 0:04:29]} 61. Rd8
{[%clk 0:10:07]} Ke7 {[%clk 0:04:33]} 62. Rg8 {[%clk 0:10:30]} Kf7
{[%clk 0:02:31]} 63. Rd8 {[%clk 0:10:53]} Ke7 {[%clk 0:03:00]} 1/2-1/2

[Event "Portugal Open 2020"]
[Site "Lisboa POR"]
[Date "2020.02.01"]
[Round "9.20"]
[White "POURQUET, Matthieu"]
[Black "MARTIN DUQUE, Jesus"]
[Result "1-0"]
[BlackElo "2447"]
[WhiteElo "2198"]
[LiveChessVersion "1.4.8"]

1. Nf3 {[%clk 1:30:38]} c5 {[%clk 1:30:57]} 2. g3 {[%clk 1:29:22]} Nc6
{[%clk 1:31:06]} 3. Bg2 {[%clk 1:29:01]} e5 {[%clk 1:31:27]} 4. O-O
{[%clk 1:29:25]} g6 {[%clk 1:31:17]} 5. d3 {[%clk 1:28:00]} Bg7 {[%clk 1:30:27]}
6. c4 {[%clk 1:25:50]} Nge7 {[%clk 1:30:13]} 7. Nc3 {[%clk 1:26:15]} O-O
{[%clk 1:30:19]} 8. Ne1 {[%clk 1:26:40]} d6 {[%clk 1:29:04]} 9. Nc2
{[%clk 1:27:06]} Be6 {[%clk 1:28:09]} 10. Ne3 {[%clk 1:27:30]} Qd7
{[%clk 1:24:36]} 11. Rb1 {[%clk 1:26:35]} Bh3 {[%clk 1:15:45]} 12. Ned5
{[%clk 1:26:47]} Bxg2 {[%clk 1:14:03]} 13. Kxg2 {[%clk 1:27:12]} f5
{[%clk 1:13:31]} 14. e3 {[%clk 1:24:14]} Nxd5 {[%clk 0:56:35]} 15. Nxd5
{[%clk 1:24:16]} e4 {[%clk 0:56:28]} 16. b3 {[%clk 1:14:53]} Rae8
{[%clk 0:51:18]} 17. Bb2 {[%clk 1:11:39]} Bxb2 {[%clk 0:51:29]} 18. Rxb2
{[%clk 1:12:05]} Ne5 19. dxe4 {[%clk 0:59:45]} fxe4 {[%clk 0:52:16]} 20. Nc3
{[%clk 0:56:43]} Nf3 {[%clk 0:46:01]} 21. Qd5+ {[%clk 0:54:08]} Kh8
{[%clk 0:44:37]} 22. Rd1 {[%clk 0:44:27]} Qg7 {[%clk 0:15:12]} 23. Rc2
{[%clk 0:44:37]} Qf6 {[%clk 0:14:50]} 24. Nxe4 {[%clk 0:38:20]} Rxe4
{[%clk 0:10:04]} 25. Qxe4 {[%clk 0:38:06]} Ng5 {[%clk 0:10:33]} 26. Qd5
{[%clk 0:31:59]} Re8 {[%clk 0:11:02]} 27. h4 {[%clk 0:27:22]} Ne4
{[%clk 0:09:41]} 28. Qxb7 {[%clk 0:27:13]} Qf5 {[%clk 0:09:02]} 29. Rd5
{[%clk 0:24:43]} Qf6 {[%clk 0:08:54]} 30. Rd3 {[%clk 0:14:49]} Qf5
{[%clk 0:09:01]} 31. Qd5 {[%clk 0:14:02]} Re5 {[%clk 0:09:26]} 32. Qa8+
{[%clk 0:14:25]} Kg7 {[%clk 0:09:55]} 33. Rd5 {[%clk 0:13:10]} Nxg3
{[%clk 0:07:55]} 34. Rxe5 {[%clk 0:13:17]} dxe5 {[%clk 0:08:23]} 35. Kxg3
{[%clk 0:12:28]} Qxc2 {[%clk 0:08:29]} 36. Qxa7+ {[%clk 0:12:51]} Kf6
{[%clk 0:08:31]} 37. Qxc5 {[%clk 0:12:56]} Qxa2 {[%clk 0:08:08]} 38. b4
{[%clk 0:11:22]} Qb1 {[%clk 0:08:26]} 39. Qc6+ {[%clk 0:10:49]} Ke7
{[%clk 0:08:56]} 40. b5 {[%clk 0:10:32]} e4 {[%clk 0:07:55]} 41. Kf4
{[%clk 0:10:47]} Qg1 {[%clk 0:08:06]} 42. Qxe4+ {[%clk 0:11:11]} Kd7
{[%clk 0:08:35]} 43. Qd5+ {[%clk 0:11:08]} Kc7 {[%clk 0:08:57]} 44. Qc5+
{[%clk 0:11:30]} Kd7 {[%clk 0:09:20]} 45. Qc6+ {[%clk 0:10:46]} Ke7
{[%clk 0:09:48]} 46. Qc7+ {[%clk 0:11:09]} Ke8 {[%clk 0:10:08]} 47. Qe5+
{[%clk 0:10:23]} Kd7 {[%clk 0:10:38]} 48. Qg7+ {[%clk 0:10:38]} Ke6
{[%clk 0:10:53]} 49. Qg8+ {[%clk 0:09:27]} Kf6 {[%clk 0:10:57]} 50. Qd8+
{[%clk 0:09:51]} Ke6 {[%clk 0:11:21]} 51. Qd5+ {[%clk 0:10:17]} 1-0

[Event "Portugal Open 2020"]
[Site "Lisboa POR"]
[Date "2020.02.01"]
[Round "9.21"]
[White "REIS, Luis Sousa"]
[Black "BUTKIEWICZ, Lukasz"]
[Result "1-0"]
[BlackElo "2416"]
[WhiteElo "2187"]
[LiveChessVersion "1.4.8"]

1. e4 {[%clk 1:30:45]} c5 {[%clk 1:30:50]} 2. Nf3 {[%clk 1:29:48]} e6
{[%clk 1:30:51]} 3. Nc3 {[%clk 1:28:55]} a6 {[%clk 1:31:14]} 4. d4
{[%clk 1:26:51]} cxd4 {[%clk 1:31:13]} 5. Nxd4 {[%clk 1:27:04]} Qc7
{[%clk 1:31:34]} 6. f4 {[%clk 1:24:25]} Nc6 {[%clk 1:28:22]} 7. Nxc6
{[%clk 1:23:53]} Qxc6 {[%clk 1:28:21]} 8. Bd3 {[%clk 1:22:31]} b5
{[%clk 1:27:50]} 9. O-O {[%clk 1:19:20]} Bc5+ {[%clk 1:25:40]} 10. Kh1
{[%clk 1:19:36]} Bb7 {[%clk 1:25:57]} 11. Qg4 {[%clk 1:14:19]} g6
{[%clk 1:18:39]} 12. f5 {[%clk 1:10:41]} b4 {[%clk 1:01:12]} 13. Nd5 O-O-O
{[%clk 0:54:12]} 14. fxe6 {[%clk 0:54:30]} fxe6 {[%clk 0:54:16]} 15. Ne3
{[%clk 0:48:54]} h5 {[%clk 0:45:56]} 16. Qxg6 {[%clk 0:41:12]} Ne7
{[%clk 0:46:06]} 17. Qf7 {[%clk 0:36:22]} h4 {[%clk 0:44:36]} 18. h3
{[%clk 0:34:35]} Rhg8 {[%clk 0:34:48]} 19. Nc4 {[%clk 0:32:44]} Nf5
{[%clk 0:29:14]} 20. Bf4 {[%clk 0:32:14]} Rdf8 {[%clk 0:26:03]} 21. Qh5
{[%clk 0:30:23]} Ba8 {[%clk 0:22:21]} 22. a3 {[%clk 0:23:19]} bxa3
{[%clk 0:21:32]} 23. bxa3 {[%clk 0:21:07]} Rh8 {[%clk 0:17:59]} 24. Qe2
{[%clk 0:15:35]} Nd4 {[%clk 0:17:49]} 25. Qd2 {[%clk 0:14:59]} Rxf4
{[%clk 0:16:23]} 26. Rxf4 {[%clk 0:14:33]} Qc7 {[%clk 0:16:48]} 27. e5
{[%clk 0:12:55]} Rg8 {[%clk 0:16:35]} 28. Be4 {[%clk 0:10:10]} Bxe4
{[%clk 0:16:59]} 29. Rxe4 {[%clk 0:10:35]} Nf5 {[%clk 0:17:26]} 30. Kh2
{[%clk 0:09:37]} Qc6 {[%clk 0:17:03]} 31. Rae1 {[%clk 0:09:12]} Kd8
{[%clk 0:15:43]} 32. Rg4 {[%clk 0:08:55]} Rf8 {[%clk 0:16:02]} 33. Rb1
{[%clk 0:08:44]} Qc7 {[%clk 0:13:48]} 34. Rd1 {[%clk 0:07:46]} Ng3
{[%clk 0:10:59]} 35. Nd6 {[%clk 0:07:19]} Qc6 {[%clk 0:09:48]} 36. Rxh4
{[%clk 0:06:30]} Kc7 {[%clk 0:09:57]} 37. Kxg3 {[%clk 0:06:38]} Rf2
{[%clk 0:10:21]} 38. Qxf2 {[%clk 0:04:10]} Bxf2+ {[%clk 0:10:47]} 39. Kxf2
{[%clk 0:04:33]} Qxc2+ {[%clk 0:09:56]} 40. Ke1 {[%clk 0:05:11]} Kb6
{[%clk 0:07:44]} 41. Rc4 {[%clk 0:04:38]} Qg6 {[%clk 0:07:32]} 42. Kf1
{[%clk 0:04:05]} a5 {[%clk 0:07:52]} 43. Kg1 {[%clk 0:03:27]} a4 {[%clk 0:07:29]}
44. Rxa4 {[%clk 0:03:27]} Qc2 {[%clk 0:07:51]} 45. Rb4+ {[%clk 0:03:29]} Ka5
{[%clk 0:08:09]} 46. Rdb1 {[%clk 0:03:08]} 1-0

[Event "Portugal Open 2020"]
[Site "Lisboa POR"]
[Date "2020.02.01"]
[Round "9.22"]
[White "TSCHAROTSCHKIN, Michael"]
[Black "VASLI, Aref"]
[Result "0-1"]
[BlackElo "2391"]
[WhiteElo "2156"]
[LiveChessVersion "1.4.8"]

1. d4 {[%clk 1:25:22]} Nf6 {[%clk 1:30:48]} 2. Nf3 {[%clk 1:25:45]} e6
{[%clk 1:31:11]} 3. Bf4 {[%clk 1:26:09]} b6 {[%clk 1:31:29]} 4. e3
{[%clk 1:26:32]} Be7 {[%clk 1:31:50]} 5. Nbd2 {[%clk 1:26:56]} O-O
{[%clk 1:31:52]} 6. Bd3 {[%clk 1:27:07]} c5 {[%clk 1:32:12]} 7. c3
{[%clk 1:27:00]} d6 {[%clk 1:28:48]} 8. Qe2 {[%clk 1:26:51]} Bb7 {[%clk 1:28:49]}
9. e4 {[%clk 1:26:14]} cxd4 {[%clk 1:26:17]} 10. cxd4 {[%clk 1:26:26]} Nc6
{[%clk 1:26:42]} 11. a3 {[%clk 1:26:10]} Re8 {[%clk 1:26:12]} 12. O-O
{[%clk 1:26:18]} a6 {[%clk 1:25:45]} 13. Rac1 {[%clk 1:25:21]} Bf8
{[%clk 1:25:27]} 14. e5 {[%clk 1:24:06]} dxe5 {[%clk 1:15:44]} 15. dxe5
{[%clk 1:23:59]} Nd4 {[%clk 1:02:09]} 16. Nxd4 {[%clk 1:18:26]} Qxd4
{[%clk 1:02:30]} 17. Rc4 {[%clk 1:14:47]} Qd5 {[%clk 1:02:54]} 18. Nf3
{[%clk 1:14:06]} b5 19. Rd4 {[%clk 0:59:52]} Qc5 {[%clk 0:55:05]} 20. Rd1
{[%clk 0:57:24]} g6 {[%clk 0:47:45]} 21. Bxg6 {[%clk 0:51:16]} hxg6
{[%clk 0:47:11]} 22. exf6 {[%clk 0:51:22]} Qh5 {[%clk 0:34:08]} 23. Qe5
{[%clk 0:44:07]} Bxf3 {[%clk 0:26:29]} 24. gxf3 {[%clk 0:44:29]} Qxf3 25. R1d3
{[%clk 0:33:51]} Qg4+ {[%clk 0:27:07]} 26. Rg3 {[%clk 0:33:39]} Qf5
{[%clk 0:27:35]} 27. Rd7 {[%clk 0:33:38]} Qb1+ {[%clk 0:26:12]} 28. Kg2
{[%clk 0:33:38]} Rac8 {[%clk 0:24:56]} 29. b4 {[%clk 0:30:55]} Red8
{[%clk 0:17:24]} 30. Rc3 {[%clk 0:19:16]} Qa2 {[%clk 0:14:04]} 31. h4
{[%clk 0:15:44]} Ra8 {[%clk 0:08:59]} 32. Rcd3 {[%clk 0:15:13]} Rxd7
{[%clk 0:09:15]} 33. Rxd7 {[%clk 0:15:37]} Qc2 {[%clk 0:09:20]} 34. h5
{[%clk 0:14:35]} Qc6+ {[%clk 0:09:37]} 0-1